Online
Catalog
Normal view MARC view

Entry Nombre corporativo

Number of records used in: 6

001 - NÚMERO DE CONTROL

  • campo de control: 5466

003 - IDENTIFICADOR DEL NÚMERO DE CONTROL

  • campo de control: BNPHU

005 - FECHA Y HORA DE LA ÚLTIMA TRANSACCIÓN

  • campo de control: 20240306115517.0

008 - DATOS DE LONGITUD FIJA

  • campo de control de longitud fija: 200615|| aca||aabn | a|a d

010 ## - NÚMERO DE CONTROL DE LA BIBLIOTECA DEL CONGRESO

  • Número de control de LC: no2009018605

040 ## - FUENTE DE LA CATALOGACIÓN

  • Centro catalogador/agencia de origen: DO-SdBNP
  • Lengua de catalogación: spa
  • Centro/agencia transcriptor: BNPHU
  • Normas de descripción: rda

110 2# - ENCABEZAMIENTO-NOMBRE DE ENTIDAD CORPORATIVA

  • Nombre de entidad corporativa o nombre de jurisdicción como elemento de entrada: Biblioteca Antillense Salesiana

410 2# - TRAZADO DE VÉASE--NOMBRE DE ENTIDAD CORPORATIVA

  • Nombre de entidad corporativa o nombre de jurisdicción como elemento de entrada: BAS (Biblioteca Antillense Salesiana)

670 ## - FUENTE DE DATOS ENCONTRADOS

  • Cita de la fuente: Hernández, P. Jesús 5465, Biblioteca Antillense Salesiana (BAS) :, 2004.

670 ## - FUENTE DE DATOS ENCONTRADOS

  • Cita de la fuente: Biblioteca Antillense Salesiana (BAS), 2002:

Powered by Koha